Wood : identifying and using hunders of woods worldwide

Bibliographic Details
Format: Book
Published: USA : The Wood Database , 2016
Subjects:

MARC

LEADER 00000cam a2200000 7i4500
001 0000004178
005 20190108.0
020 0 0 |a 9780982245039 
090 0 0 |a 575.46   |b WOOD 2016 
245 0 0 |a Wood :   |b identifying and using hunders of woods worldwide   |c Eric Meier 
260 0 0 |a USA :   |b The Wood Database ,   |c 2016 
300 |a 253 p. :   |b ill.col ;   |c 29cm. 
500 0 0 |a Includes bibliogrphy and index 
650 0 0 |a Wood 
650 0 0 |a Wood   |x Anatomy 
999 |a 008055   |b Monograph   |c Open Shelf   |e Default branch